Giáo trình kỹ thuật chăn nuôi lợn
Đề cập đến chăn nuôi và vai trò của chăn nuôi lợn trong hệ thống sản xuất nông nghiệp; Giống và công tác giống lợn; Kỹ thuật chăn nuôi lợn đực giống; chăn nuôi lợn nái sinh sản, lợn nái hậu bị, lợn nái có chữa, lợn nái nuôi con. Trình bày kỹ thuật căn nuôi lợn thịt; Quản lý đàn lợn và xây dựng thiết...
Đã lưu trong:
| Tác giả chính: | |
|---|---|
| Định dạng: | Sách |
| Năm xuất bản: |
H.
Nông nghiệp
2005
|
| Chủ đề: | |
| Tags: |
Thêm thẻ
Không có thẻ, Hãy là người đầu tiên gắn thẻ bản ghi này!
|
| LEADER | 04280nam a2200349 4500 | ||
|---|---|---|---|
| 999 | |c 214 |d 214 | ||
| 082 | |a 636.40071 |b NG527QU | ||
| 100 | |a Nguyễn Quang Linh | ||
| 245 | |a Giáo trình kỹ thuật chăn nuôi lợn |c Nguyễn Quang Linh chủ biên, Hoàng Nghĩa Duyệt, Phùng Thăng Long | ||
| 260 | |a H. |b Nông nghiệp |c 2005 | ||
| 300 | |a 196tr. |c 27cm | ||
| 520 | |a Đề cập đến chăn nuôi và vai trò của chăn nuôi lợn trong hệ thống sản xuất nông nghiệp; Giống và công tác giống lợn; Kỹ thuật chăn nuôi lợn đực giống; chăn nuôi lợn nái sinh sản, lợn nái hậu bị, lợn nái có chữa, lợn nái nuôi con. Trình bày kỹ thuật căn nuôi lợn thịt; Quản lý đàn lợn và xây dựng thiết kế chuồng trại chăn nuôi lợn | ||
| 653 | |a Kỹ thuật nông nghiệp | ||
| 653 | |a Chăn nuôi | ||
| 653 | |a Lợn | ||
| 653 | |a Giáo trình | ||
| 942 | |2 ddc |c STK0 | ||
| 952 | |0 0 |1 0 |2 ddc |4 0 |6 636_400710000000000_NG527QU |7 1 |8 600 |9 4260 |a qbu |b qbu |c D3 |d 2014-12-10 |g 48000 |o 636.40071 NG527QU |p 1912.c1 |r 0000-00-00 |w 2014-11-14 |y STK0 | ||
| 952 | |0 0 |1 0 |2 ddc |4 0 |6 636_400710000000000_NG527QU |7 0 |8 600 |9 4261 |a qbu |b qbu |c D3 |d 2014-12-10 |g 48000 |o 636.40071 NG527QU |p 1912.c2 |r 0000-00-00 |w 2014-11-14 |y STK0 |0 0 |6 636_400710000000000_NG527QU |0 0 |6 636_400710000000000_NG527QU | ||
| 952 | |0 0 |1 0 |2 ddc |4 0 |6 636_400710000000000_NG527QU |7 0 |8 600 |9 4262 |a qbu |b qbu |c D3 |d 2014-12-10 |g 48000 |o 636.40071 NG527QU |p 1912.c3 |r 0000-00-00 |w 2014-11-14 |y STK0 |0 0 |6 636_400710000000000_NG527QU |0 0 |6 636_400710000000000_NG527QU | ||
| 952 | |0 0 |1 0 |2 ddc |4 0 |6 636_400710000000000_NG527QU |7 0 |8 600 |9 4263 |a qbu |b qbu |c D3 |d 2014-12-10 |g 48000 |o 636.40071 NG527QU |p 1912.c4 |r 0000-00-00 |w 2014-11-14 |y STK0 |0 0 |6 636_400710000000000_NG527QU |0 0 |6 636_400710000000000_NG527QU | ||
| 952 | |0 0 |1 0 |2 ddc |4 0 |6 636_400710000000000_NG527QU |7 0 |8 600 |9 4264 |a qbu |b qbu |c D3 |d 2014-12-10 |g 48000 |o 636.40071 NG527QU |p 1912.c5 |r 0000-00-00 |w 2014-11-14 |y STK0 |0 0 |6 636_400710000000000_NG527QU |0 0 |6 636_400710000000000_NG527QU | ||
| 952 | |0 0 |1 0 |2 ddc |4 0 |6 636_400710000000000_NG527QU |7 0 |8 600 |9 4265 |a qbu |b qbu |c D3 |d 2014-12-10 |g 48000 |o 636.40071 NG527QU |p 1912.c6 |r 0000-00-00 |w 2014-11-14 |y STK0 |0 0 |6 636_400710000000000_NG527QU |0 0 |6 636_400710000000000_NG527QU | ||
| 952 | |0 0 |1 0 |2 ddc |4 0 |6 636_400710000000000_NG527QU |7 0 |8 600 |9 4266 |a qbu |b qbu |c D3 |d 2014-12-10 |g 48000 |o 636.40071 NG527QU |p 1912.c7 |r 0000-00-00 |w 2014-11-14 |y STK0 |0 0 |6 636_400710000000000_NG527QU |0 0 |6 636_400710000000000_NG527QU | ||
| 952 | |0 0 |1 0 |2 ddc |4 0 |6 636_400710000000000_NG527QU |7 0 |8 600 |9 4267 |a qbu |b qbu |c D3 |d 2014-12-10 |g 48000 |o 636.40071 NG527QU |p 1912.c8 |r 0000-00-00 |w 2014-11-14 |y STK0 |0 0 |6 636_400710000000000_NG527QU |0 0 |6 636_400710000000000_NG527QU | ||
| 952 | |0 0 |1 0 |2 ddc |4 0 |6 636_400710000000000_NG527QU |7 0 |8 600 |9 4268 |a qbu |b qbu |c D3 |d 2014-12-10 |g 48000 |o 636.40071 NG527QU |p 1912.c9 |r 0000-00-00 |w 2014-11-14 |y STK0 |0 0 |6 636_400710000000000_NG527QU |0 0 |6 636_400710000000000_NG527QU | ||
| 952 | |0 0 |1 0 |2 ddc |4 0 |6 636_400710000000000_NG527QU |7 0 |8 600 |9 4269 |a qbu |b qbu |c D3 |d 2014-12-10 |g 48000 |o 636.40071 NG527QU |p 1912.c10 |r 0000-00-00 |w 2014-11-14 |y STK0 |0 0 |6 636_400710000000000_NG527QU |0 0 |6 636_400710000000000_NG527QU | ||
| 952 | |0 0 |1 0 |2 ddc |4 0 |6 636_400710000000000_NG527QU |7 0 |8 600 |9 4270 |a qbu |b qbu |c D3 |d 2014-12-10 |g 48000 |o 636.40071 NG527QU |p 1912.c11 |r 0000-00-00 |w 2014-11-14 |y STK0 |0 0 |6 636_400710000000000_NG527QU |0 0 |6 636_400710000000000_NG527QU | ||
| 952 | |0 0 |1 0 |2 ddc |4 0 |6 636_400710000000000_NG527QU |7 0 |8 600 |9 4271 |a qbu |b qbu |c D3 |d 2014-12-10 |g 48000 |o 636.40071 NG527QU |p 1912.c12 |r 0000-00-00 |w 2014-11-14 |y STK0 |0 0 |6 636_400710000000000_NG527QU |0 0 |6 636_400710000000000_NG527QU | ||
| 952 | |0 0 |1 0 |2 ddc |4 0 |6 636_400710000000000_NG527QU |7 0 |8 600 |9 4272 |a qbu |b qbu |c D3 |d 2014-12-10 |g 48000 |o 636.40071 NG527QU |p 1912.c13 |r 0000-00-00 |w 2014-11-14 |y STK0 |0 0 |6 636_400710000000000_NG527QU |0 0 |6 636_400710000000000_NG527QU | ||
| 952 | |0 0 |1 0 |2 ddc |4 0 |6 636_400710000000000_NG527QU |7 0 |8 600 |9 4273 |a qbu |b qbu |c D3 |d 2014-12-10 |g 48000 |o 636.40071 NG527QU |p 1912.c14 |r 0000-00-00 |w 2014-11-14 |y STK0 |0 0 |6 636_400710000000000_NG527QU |0 0 |6 636_400710000000000_NG527QU | ||
| 952 | |0 0 |1 0 |2 ddc |4 0 |6 636_400710000000000_NG527QU |7 0 |8 600 |9 4274 |a qbu |b qbu |c D3 |d 2014-12-10 |g 48000 |o 636.40071 NG527QU |p 1912.c15 |r 0000-00-00 |w 2014-11-14 |y STK0 |0 0 |6 636_400710000000000_NG527QU |0 0 |6 636_400710000000000_NG527QU | ||